000 00725nam a2200217Ia 4500
003 GCL
005 20240530094710.0
008 140319s9999 xx 000 0 ara d
040 _aGCL /
_cGCL
082 0 4 _a962.074
_bق/م و
100 1 _aموسى صبرى
245 1 0 _aوثائق حرب اكتوبر /
_cموسى صبرى
250 _aالثانية
260 _aالقاهرة :
_bالمكتب المصرى الحديث للطباعة والنشر ،
_c1974
300 _a651 ؛
_c20 سم
650 0 4 _aالنزاع العربى الاسرائيلى
650 0 4 _aالحروب العربية الاسرائيلية
650 0 4 _aحرب اكتوبر 1973
650 0 4 _aالحرب - وثائق
942 _2ddc
_cBK
999 _c301
_d301